000 00284nam a2200121Ia 4500
008 190216s9999||||xx |||||||||||||| ||und||
100 _aJanardhanapillai
245 0 _aGeometry And Calculus
260 _bAjith Book Center
_c1967
300 _a354p
650 _aGeometry
942 _cBK
999 _c30581
_d30581